God's bits of wood / (Record no. 7742)
[ view plain ]
| 000 -LEADER | |
|---|---|
| fixed length control field | 00802cam a22002412 4500 |
| 001 - CONTROL NUMBER | |
| control field | 0000008829 |
| 005 - DATE AND TIME OF LATEST TRANSACTION | |
| control field | 20151217152042.0 |
| 008 - FIXED-LENGTH DATA ELEMENTS--GENERAL INFORMATION | |
| fixed length control field | 080610s xx 000 0 eng d |
| 020 ## - INTERNATIONAL STANDARD BOOK NUMBER | |
| International Standard Book Number | 0435909592 : |
| Terms of availability | KES 500 |
| 040 ## - CATALOGING SOURCE | |
| Original cataloging agency | KABU |
| Transcribing agency | KABU |
| 050 #0 - LIBRARY OF CONGRESS CALL NUMBER | |
| Classification number | PQ3989 |
| Item number | .O97G63 1995 |
| 100 1# - MAIN ENTRY--PERSONAL NAME | |
| Personal name | Ousmane, Sembene. |
| -- | 0000159600 |
| 245 10 - TITLE STATEMENT | |
| Title | God's bits of wood / |
| Statement of responsibility, etc. | Sembene Ousmane; translated by Francis Price. |
| 260 ## - PUBLICATION, DISTRIBUTION, ETC. (IMPRINT) | |
| Place of publication, distribution, etc. | Oxford : |
| Name of publisher, distributor, etc. | Heinmann Educational, |
| Date of publication, distribution, etc. | 1995. |
| 300 ## - PHYSICAL DESCRIPTION | |
| Extent | 248 p. |
| 500 ## - GENERAL NOTE | |
| General note | Translation of : Les bouts de bois de Dieu. |
| 650 #0 - SUBJECT ADDED ENTRY--TOPICAL TERM | |
| Topical term or geographic name as entry element | Strikes and lockouts |
| General subdivision | Fiction. |
| -- | 0000159601 |
| 651 #0 - SUBJECT ADDED ENTRY--GEOGRAPHIC NAME | |
| Geographic name | Senegal |
| General subdivision | Fiction. |
| -- | 0000159602 |
| 908 ## - PUT COMMAND PARAMETER (RLIN) | |
| Put command parameter | 080610 |
| 950 ## - LOCAL HOLDINGS (RLIN) | |
| -- | 1 |
| Withdrawn status | Lost status | Source of classification or shelving scheme | Not for loan | Home library | Current library | Date acquired | Total Checkouts | Total Renewals | Full call number | Barcode | Date last seen | Date last checked out | Price effective from | Koha item type |
|---|---|---|---|---|---|---|---|---|---|---|---|---|---|---|
| Library of Congress Classification | Kabarak, Main Campus | Kabarak, Main Campus | 17/12/2015 | 12 | 1 | PQ3989 .O97G63 1995 c. 2 | 012238 | 17/03/2026 | 13/02/2026 | 17/12/2015 | General Collection | |||
| Library of Congress Classification | Kabarak, Main Campus | Kabarak, Main Campus | 17/12/2015 | 15 | 2 | PQ3989 .O97G63 1995 c. 3 | 012237 | 17/11/2025 | 21/10/2025 | 17/12/2015 | General Collection | |||
| Library of Congress Classification | Kabarak, Main Campus | Kabarak, Main Campus | 17/12/2015 | 11 | 1 | PQ3989 .O97G63 1995 c. 1 | 012239 | 01/03/2021 | 17/02/2021 | 17/12/2015 | General Collection |